Analýza vybraných položiek prehľadu peňažných tokov a ich vplyv na jeho zostavenie diplomová práca

Salvato in:
Dettagli Bibliografici
Autore principale: Kolečavová, Ivana
Ente Autore: Fakulta hospodárskej informatiky EU. Katedra účtovníctva a audítorstva
Altri autori: Kordošová, Alena, 1970-
Natura: Libro
Lingua:slovacco
Pubblicazione: Bratislava 2018
Tags: Aggiungi Tag
Nessun Tag, puoi essere il primo ad aggiungerne!!

MARC

LEADER 00000nbm a2200000 4500
001 0243624
005 20181108091640.6
041 0 |a slo 
044 |a SK 
245 1 0 |a Analýza vybraných položiek prehľadu peňažných tokov a ich vplyv na jeho zostavenie  |b diplomová práca  |c Ivana Kolečavová ; školiteľ: Alena Kordošová 
264 1 |a Bratislava  |c 2018 
300 |a 66 s. 
100 1 |a Kolečavová, Ivana 
700 1 |a Kordošová, Alena, 1970- 
710 2 |a Fakulta hospodárskej informatiky EU. Katedra účtovníctva a audítorstva